| 000 | 00524cas a22001815a 4500 | ||
|---|---|---|---|
| 001 | L138362 | ||
| 008 | 070531d18741899at zr p 0 a0eng u | ||
| 035 | _a(Sirsi) u138362 | ||
| 041 | 0 | _aeng | |
| 110 | 2 |
_aVictorian Institute of Surveyors _93171 |
|
| 245 | 0 | 0 | _aTransactions and Proceedings |
| 260 |
_aMelbourne _bVictorian Institute of Surveyors _c1874- |
||
| 362 | 0 | _a1 1874-4 1899 | |
| 554 | _aEvery six years | ||
| 651 | 4 | _aAUSTRALIA | |
| 690 | _aMANAGEMENT-BUSINESS MANAGEMENT-PROFESSIONAL PRACTICE | ||
| 942 | _n0 | ||
| 999 |
_c118975 _d118975 |
||